Caracterización taxonómica y ecológica de la ictiofauna presente en el río Túa, departamentos de Boyacá y Casanare, Colombia (Registro nro. 6194)

Detalles MARC
000 -CABECERA
Campo de control 00679nam a2200205 a 4500
005 - FECHA Y HORA DE LA ULTIMA TRANSACCION
Campo de control 20191224041826.0
008 - ELEMENTOS DE LONGITUD FIJA—INFORMACION GENERAL
Campo de control 160826b2006 ck|||||rm||| 00| 0 spa d
040 ## - FUENTE DE CATALOGACIÓN
Agencia catalogadora original CO-BoIAVH
Agencia transcriptora CO-BoIAVH
041 ## - IDIOMA
Código de idioma para texto/pista de sonido o título separado Español
090 ## - CLASIFICACIÓN LOCAL
Colección TE
Consecutivo 0170
100 1# - ASIENTO PRINCIPAL--NOMBRE PERSONAL
Nombre personal Zúñiga Upegui, PAmela Tatiana
9 (RLIN) 74997
245 10 - MENCION DE TITULO
Título Caracterización taxonómica y ecológica de la ictiofauna presente en el río Túa, departamentos de Boyacá y Casanare, Colombia
260 ## - PUBLICACION, DISTRIBUCION, ETC. (PIE DE IMPRENTA)
Lugar de publicación, distribución, etc. Ibagué
Nombre del editor, distribuidor, etc. Universidad del Tolima
Fecha de publicación, distribución, etc. 2006
300 ## - DESCRIPCION FISICA
Extensión 35 Paginas
Material acompañante CD.ROM
650 14 - ASIENTO SECUNDARIO DE MATERIA - TERMINO TEMATICO
Término temático o nombre geográfico como elemento de entrada Fauna
9 (RLIN) 92594
650 14 - ASIENTO SECUNDARIO DE MATERIA - TERMINO TEMATICO
Término temático o nombre geográfico como elemento de entrada Hábitos Alimenticios
9 (RLIN) 23472
650 14 - ASIENTO SECUNDARIO DE MATERIA - TERMINO TEMATICO
Término temático o nombre geográfico como elemento de entrada Inventario ictiologico
9 (RLIN) 75000
942 ## - ELEMENTOS ADICIONALES (KOHA)
Tipo de ítem Tesis
Sistema de clasificación Local
945 ## - PROCESAMIENTO LOCAL
AAAA-MM-DD - Fecha de ingreso o modificacion 2008-02-13
Existencias
Withdrawn status Lost status Sistema de Clasificación Damaged status No para préstamo Colección Inventariado Ubicación Permanente Ubicación actual Fecha de adquisición Fuente de Valor Total Checkouts Número topográfico Inventario / Código de Barras Date last seen Ejemplar Price effective from Forma de adquisición Tipo de material Public note
    Local     Tesis Inventariado 2017 Bogotá Bogotá 13/02/2008 Fandiño Orozco, María Claudia   TE-0170 025688 04/12/2012 Ej.1 04/12/2012 Donación Tesis Disponible solo para consulta en sala